| Tag |
First Indicator |
Second Indicator |
Subfields |
| LEADER |
00000cam a22000008a 4500 |
| 001 |
in00000033261 |
| 005 |
20151007060541.0 |
| 008 |
870526s1988 nju 00110 eng |
| 010 |
|
|
|a 87013932
|
| 020 |
|
|
|a 0139622837 :
|c $16.00
|
| 035 |
|
|
|a (OCoLC)16005684
|
| 035 |
|
|
|9 AAC1115AM
|
| 040 |
|
|
|a DLC
|c DLC
|d m/c
|d TXA
|d UtOrBLW
|
| 049 |
|
|
|a TXAM
|c [A11693596]
|
| 050 |
0 |
0 |
|a PS509.W6
|b E24 1987
|
| 050 |
|
4 |
|a PS509.W6
|b E24 1988
|
| 082 |
0 |
|
|a 808.8/0352042
|2 19
|
| 100 |
1 |
|
|a Eagleton, Sandra.
|
| 245 |
1 |
0 |
|a Women in literature :
|b life stages through stories, poems, and plays /
|c Sandra Eagleton.
|
| 264 |
|
1 |
|a Englewood Cliffs, N.J. :
|b Prentice-Hall,
|c [1988]
|
| 264 |
|
4 |
|c ©1988
|
| 300 |
|
|
|a viii, 472 pages
|
| 336 |
|
|
|a text
|b txt
|2 rdacontent
|
| 337 |
|
|
|a unmediated
|b n
|2 rdamedia
|
| 338 |
|
|
|a volume
|b nc
|2 rdacarrier
|
| 500 |
|
|
|a Includes indexes.
|
| 650 |
|
0 |
|a Women
|v Literary collections.
|
| 650 |
|
0 |
|a American literature
|x Women authors.
|
| 650 |
|
0 |
|a English literature
|x Women authors.
|
| 999 |
|
|
|a MARS
|
| 999 |
f |
f |
|s 2002db86-59d7-38ef-b841-7ca445b8bee7
|i 1e5e209d-888d-3ed6-947a-aa083531393a
|t 0
|
| 952 |
f |
f |
|p normal
|a Texas A&M University
|b College Station
|c Sterling C. Evans Library
|d Evans: Library Stacks
|t 0
|e PS509.W6 E24 1988
|h Library of Congress classification
|i unmediated -- volume
|m A14811693596
|
| 998 |
f |
f |
|a PS509.W6 E24 1988
|t 0
|l Evans: Library Stacks
|